000 00647cam a2200205 4500
001 WB3606-13
008 000000n2000 000 0 eng u
035 _a(Sirsi) u104024
245 _aHouse prices hit high
260 _c2000
490 _aFinancial Times
_v4 January 2000, 6(2)
520 _aThe Halifax claims that house prices rose by 16% during 1999 - the fastest rate of growth since July 1989. Graph.
590 _aWB
650 _aHOUSE PRICES
650 _aPROPERTY TRANSACTIONS
650 _aHOUSING MARKET
650 _aMORTGAGE LENDING
690 _aPROPERTY-RESIDENTIAL PROPERTY-RESIDENTIAL PROPERTY MARKET
942 _n0
999 _c62429
_d62429